عرض عادي
عرض مارك
- Margaris, Manolia V.
مدخل إسم شخص
001 - رقم الضبط
- حقل الضبط: 41831
003 - معرف رقم الضبط
- حقل الضبط: OSt
005 - تاريخ ووقت أخر عملية
- حقل الضبط: 20140108182532.0
008 - عناصر بيانات ثابتة الطول
- حقل تحكم ثابت الطول: 140108|||a|||||| | ||| d
040 ## - مصدر الفهرسة
- هيئة الفهرسة الأصلية: OSt
- وكالة الكتابة: OSt
100 ## - مدخل -- أسم شخص
- إسم شخص: Margaris, Manolia V.
670 ## - بيانات المصدر موجوده
- الاستشهاد بالمصدر: Work cat.: (OSt)0: NATO Advanced Study Institute on Biophysics and Structure to Counter Threats and Challenges (2010 : Erice, Italy) 41829, Biophysics and structure to counter threats and challenges, c2013.
